[Event "Titled Tuesday intern op 13th Feb Early"]
[Site "Chess.com INT"]
[Date "2024.02.13"]
[Round "6"]
[White "Okike, David"]
[Black "Bogumil, Tatiana"]
[Result "1-0"]
[WhiteElo "2157"]
[BlackElo "2090"]
[PlyCount "75"]
[EventDate "2024.02.13"]
[EventType "swiss (blitz)"]
[EventRounds "11"]
[EventCountry "USA"]
[SourceTitle "CB08_2024"]
[SourceDate "2024.02.21"]
[SourceVersion "1"]
[SourceVersionDate "2024.02.21"]
[SourceQuality "1"]

1. e4 e6 2. d4 d5 3. Nc3 dxe4 4. Nxe4 Bd7 5. Nf3 Bc6 6. Bd3 Nd7 7. Qe2 Ngf6 8. Ng3 Be7 9. 0-0 Bxf3 10. Qxf3 c6 11. c4 Qc7 12. Bf4 Bd6 13. Be3 0-0 14. Rfe1 Rfe8 15. Rad1 Rad8 16. Nf1 b6 17. Qh3 Bf4 18. Ng3 Bxe3 19. fxe3 c5 20. Ne2 Nf8 21. Rf1 Ng6 22. Rf2 cxd4 23. exd4 e5 24. d5 e4 25. Bc2 Qxc4 26. Bb3 Qc5 27. Nd4 Nxd5 28. Kh1 e3 29. Rc2 Qd6 30. g3 Qe5 31. Re2 Nf6 32. Nf3 Rxd1+ 33. Bxd1 Qd5 34. Qf1 Ng4 35. Bb3 Qe4 36. h3 Nf2+ 37. Kg2 Ne5 38. Qxf2 1-0

[Event "Titled Tuesday intern op 13th Feb Early"]
[Site "Chess.com INT"]
[Date "2024.02.13"]
[Round "9"]
[White "Okike, David"]
[Black "Silva, Miguel Antonio Neto"]
[Result "1-0"]
[WhiteElo "2157"]
[BlackElo "2211"]
[PlyCount "63"]
[EventDate "2024.02.13"]
[EventType "swiss (blitz)"]
[EventRounds "11"]
[EventCountry "USA"]
[SourceTitle "CB08_2024"]
[SourceDate "2024.02.21"]
[SourceVersion "1"]
[SourceVersionDate "2024.02.21"]
[SourceQuality "1"]

1. e4 c5 2. Nf3 d6 3. d4 cxd4 4. Nxd4 Nf6 5. Nc3 a6 6. Bg5 e6 7. f4 h6 8. Bh4 Qb6 9. a3 Be7 10. Bf2 Qc7 11. Qf3 Nbd7 12. 0-0-0 b5 13. Bd3 Nc5 14. Rhe1 Rb8 15. Qg3 b4 16. axb4 Rxb4 17. Qxg7 Rg8 18. Qxh6 Qa5 19. e5 dxe5 20. Nc6 Qa1+ 21. Kd2 Qxb2 22. Nxb4 Qxb4 23. Rb1 Qa5 24. Rxe5 Nd5 25. Rxd5 exd5 26. Re1 Rxg2 27. Qh4 Ne4+ 28. Rxe4 dxe4 29. Qh8+ Kd7 30. Bxe4 Rxf2+ 31. Ke3 Qc5+ 32. Kd3 1-0

[Event "Titled Tuesday intern op 22nd Aug Late"]
[Site "Chess.com INT"]
[Date "2023.08.22"]
[Round "9"]
[White "Bazzano, Sebastian"]
[Black "Okike, David"]
[Result "0-1"]
[WhiteElo "2288"]
[BlackElo "2157"]
[PlyCount "74"]
[EventDate "2023.08.22"]
[EventType "swiss (blitz)"]
[EventRounds "11"]
[EventCountry "USA"]
[SourceTitle "EXT 2024"]
[Source "ChessBase"]
[SourceDate "2023.10.10"]
[SourceVersion "1"]
[SourceVersionDate "2023.10.10"]
[SourceQuality "1"]

1. d4 Nf6 2. Bf4 c5 3. dxc5 Qa5+ 4. c3 Qxc5 5. Qd4 Qxd4 6. cxd4 Nc6 7. Nf3 d6 8. Nc3 Bd7 9. e3 a6 10. Be2 g6 11. h3 Bg7 12. 0-0 0-0 13. Rac1 Rfc8 14. Rfd1 h6 15. e4 g5 16. Be3 b5 17. e5 Ne8 18. Ne4 Bf5 19. Ng3 Bg6 20. exd6 Nxd6 21. a3 Na5 22. Ne5 Bxe5 23. dxe5 Ndc4 24. Bf3 Nxe3 25. Bxa8 Rxa8 26. fxe3 Nc4 27. e4 Nxe5 28. b3 e6 29. Rc5 f6 30. Rc7 Be8 31. Rdc1 Bd7 32. Rb7 Kf8 33. Rcc7 Ke8 34. Nh5 Bc8 35. Nxf6+ Kd8 36. Ra7 Rxa7 37. Rb7 Bxb7 0-1

[Event "Titled Tuesday intern op 22nd Aug Late"]
[Site "Chess.com INT"]
[Date "2023.08.22"]
[Round "10"]
[White "Fernandez Bustamante, Leancy B"]
[Black "Okike, David"]
[Result "0-1"]
[WhiteElo "2059"]
[BlackElo "2157"]
[PlyCount "182"]
[EventDate "2023.08.22"]
[EventType "swiss (blitz)"]
[EventRounds "11"]
[EventCountry "USA"]
[SourceTitle "EXT 2024"]
[Source "ChessBase"]
[SourceDate "2023.10.10"]
[SourceVersion "1"]
[SourceVersionDate "2023.10.10"]
[SourceQuality "1"]

1. e4 c5 2. Nf3 Nc6 3. Bb5 g6 4. Bxc6 bxc6 5. 0-0 Bg7 6. Re1 Nh6 7. h3 0-0 8. c3 d6 9. d4 cxd4 10. cxd4 Qb6 11. Nc3 f5 12. e5 Nf7 13. e6 Nd8 14. d5 Bb7 15. dxc6 Bxc6 16. Qb3 Bxf3 17. gxf3 Rf6 18. Nd5 Qxb3 19. Nxf6+ Bxf6 20. axb3 Nc6 21. Ra4 a5 22. Kg2 Rb8 23. Rc4 Ne5 24. Ra4 Nc6 25. Bd2 Rxb3 26. Bxa5 Nxa5 27. Rxa5 Rxb2 28. Rc1 Kg7 29. Rc7 Re2 30. Rd5 Rxe6 31. f4 Kf7 32. Kf3 Re1 33. Rxd6 Rh1 34. Kg2 Re1 35. Rd8 Re4 36. Kf3 Ra4 37. Rcc8 Ra6 38. Rf8+ Ke6 39. Rb8 Ra3+ 40. Kg2 Ra4 41. Rb6+ Kd7 42. Kg3 Ra3+ 43. f3 Ra1 44. h4 Rh1 45. Rf7 h5 46. Rbxf6 Ke8 47. Rf8+ Kd7 48. Rxg6 Rg1+ 49. Kf2 Rxg6 50. Rxf5 Rh6 51. Rg5 Ke6 52. f5+ Ke5 53. Ke3 Rh8 54. f4+ Kf6 55. Ke4 Rh7 56. Rg6+ Kf7 57. Ke5 Rh8 58. Rg5 Rh6 59. Ke4 Rh8 60. Rg6 Rh7 61. Rb6 Rh8 62. Ke5 Rh7 63. f6 exf6+ 64. Rxf6+ Kg7 65. Rc6 Rh8 66. Rc7+ Kg6 67. Rc6+ Kg7 68. Rc7+ Kg6 69. f5+ Kh6 70. Rc6+ Kh7 71. f6 Kg6 72. Rc7 Re8+ 73. Re7 Rf8 74. Rg7+ Kh6 75. Kf5 Ra8 76. Rg6+ Kh7 77. Rg5 Kh6 78. f7 Ra5+ 79. Kf6 Ra6+ 80. Ke7 Ra7+ 81. Kf6 Ra6+ 82. Kf5 Ra5+ 83. Kf4 Ra4+ 84. Kg3 Ra3+ 85. Kf4 Ra4+ 86. Ke5 Ra5+ 87. Kd6 Ra6+ 88. Kc5 Rf6 89. Kd5 Rxf7 90. Ke5 Rf1 91. Rg1 Rxg1 0-1

[Event "Titled Tuesday intern op 22nd Aug Early"]
[Site "Chess.com INT"]
[Date "2023.08.22"]
[Round "4"]
[White "Johnson, Ben"]
[Black "Okike, David"]
[Result "0-1"]
[WhiteElo "1961"]
[BlackElo "2157"]
[PlyCount "106"]
[EventDate "2023.08.22"]
[EventType "swiss (blitz)"]
[EventRounds "11"]
[EventCountry "USA"]
[SourceTitle "EXT 2024"]
[Source "ChessBase"]
[SourceDate "2023.10.10"]
[SourceVersion "1"]
[SourceVersionDate "2023.10.10"]
[SourceQuality "1"]

1. Nf3 d5 2. e3 c6 3. c4 Nf6 4. Nc3 Bg4 5. cxd5 cxd5 6. Qb3 Nc6 7. Qxb7 Bd7 8. d4 Rb8 9. Qa6 e6 10. a3 Rb6 11. Qd3 Na5 12. Be2 Nc4 13. Rb1 Bd6 14. Nd2 Nxd2 15. Qxd2 0-0 16. 0-0 Qb8 17. f4 Rc8 18. Bf3 Rb3 19. Ra1 Qc7 20. Bd1 Rb7 21. Bc2 Qb8 22. Qd3 a6 23. g4 g6 24. g5 Ne8 25. h4 Bb5 26. Nxb5 Rxb5 27. b4 Rb6 28. Bd2 Ng7 29. Bd1 Nf5 30. Bg4 Ng3 31. Rf3 Ne4 32. Be1 Rbc6 33. h5 Rc1 34. Rxc1 Rxc1 35. Rf1 Qc8 36. hxg6 hxg6 37. Bf3 Qc6 38. Bxe4 dxe4 39. Qe2 Rc2 40. Bd2 a5 41. bxa5 Bxa3 42. Qd1 Ra2 43. Qe1 Bd6 44. Bb4 Bc7 45. Bc5 Bxa5 46. Qh4 Bb6 47. Rf2 Rxf2 48. Kxf2 Bxc5 49. dxc5 Qxc5 50. Qh1 Qc2+ 51. Kg3 Qd2 52. Qxe4 Qe1+ 53. Kf3 Qh1+ 0-1

[Event "Titled Tuesday intern op 22nd Aug Late"]
[Site "Chess.com INT"]
[Date "2023.08.22"]
[Round "4"]
[White "Okike, David"]
[Black "Filgueiras, Nathan Felipe"]
[Result "0-1"]
[WhiteElo "2157"]
[BlackElo "2343"]
[PlyCount "102"]
[EventDate "2023.08.22"]
[EventType "swiss (blitz)"]
[EventRounds "11"]
[EventCountry "USA"]
[SourceTitle "EXT 2024"]
[Source "ChessBase"]
[SourceDate "2023.10.10"]
[SourceVersion "1"]
[SourceVersionDate "2023.10.10"]
[SourceQuality "1"]

1. e4 c5 2. Nf3 Nc6 3. d4 cxd4 4. Nxd4 e5 5. Nb5 d6 6. c4 Be7 7. N1c3 a6 8. Na3 f5 9. exf5 Bxf5 10. Bd3 Be6 11. Qh5+ Bf7 12. Qh3 Nf6 13. Bg5 Nd4 14. 0-0 Be6 15. Qh4 h6 16. Bxf6 Bxf6 17. Bg6+ Bf7 18. Bxf7+ Kxf7 19. Qe4 Qd7 20. Nd5 Qf5 21. Nxf6 Kxf6 22. Qxb7 Rhb8 23. Qd5 Qe6 24. Qxe6+ Kxe6 25. b3 a5 26. Kh1 a4 27. f4 axb3 28. axb3 Rxb3 29. Nb5 Rxa1 30. Rxa1 Nxb5 31. cxb5 e4 32. g4 Rxb5 33. Kg2 d5 34. Ra7 Rb2+ 35. Kg3 g5 36. Ra6+ Kf7 37. f5 Rb3+ 38. Kg2 d4 39. Rxh6 Rb2+ 40. Kg3 Rb3+ 41. Kg2 d3 42. Rd6 e3 43. Kf3 e2 44. Re6 Rb1 45. h4 gxh4 46. Rxe2 dxe2 47. Kxe2 Kf6 48. Kf3 Kg5 49. Ke4 Kxg4 50. f6 Rf1 51. Ke5 h3 0-1

[Event "Titled Tuesday intern op 22nd Aug Early"]
[Site "Chess.com INT"]
[Date "2023.08.22"]
[Round "9"]
[White "Okike, David"]
[Black "Povshednyi, Ivan"]
[Result "0-1"]
[WhiteElo "2157"]
[BlackElo "2223"]
[PlyCount "60"]
[EventDate "2023.08.22"]
[EventType "swiss (blitz)"]
[EventRounds "11"]
[EventCountry "USA"]
[SourceTitle "EXT 2024"]
[Source "ChessBase"]
[SourceDate "2023.10.10"]
[SourceVersion "1"]
[SourceVersionDate "2023.10.10"]
[SourceQuality "1"]

1. e4 c6 2. d4 d5 3. e5 Bf5 4. Nf3 e6 5. Be2 Bb4+ 6. c3 Ba5 7. 0-0 Nd7 8. h3 Ne7 9. Bf4 Bc7 10. Bh2 0-0 11. Nbd2 h6 12. b4 Bh7 13. a4 Ng6 14. a5 f6 15. exf6 Bxh2+ 16. Nxh2 Nxf6 17. f4 Qd6 18. g3 Ne7 19. Nhf3 Nf5 20. Kh2 Ne3 21. Qc1 Nxf1+ 22. Qxf1 Ne4 23. Nxe4 Bxe4 24. Ne5 g5 25. Bg4 Rf6 26. Bh5 Raf8 27. Ng4 gxf4 28. Nxf6+ Rxf6 29. g4 f3+ 30. Kg1 Qg3+ 0-1

[Event "Titled Tuesday intern op 22nd Aug Early"]
[Site "Chess.com INT"]
[Date "2023.08.22"]
[Round "2"]
[White "Portela Peleteiro, Alberto"]
[Black "Okike, David"]
[Result "1-0"]
[WhiteElo "2329"]
[BlackElo "2157"]
[PlyCount "65"]
[EventDate "2023.08.22"]
[EventType "swiss (blitz)"]
[EventRounds "11"]
[EventCountry "USA"]
[SourceTitle "EXT 2024"]
[Source "ChessBase"]
[SourceDate "2023.10.10"]
[SourceVersion "1"]
[SourceVersionDate "2023.10.10"]
[SourceQuality "1"]

1. e4 c5 2. Nc3 Nc6 3. Nge2 Nf6 4. g3 d5 5. exd5 Nxd5 6. Bg2 Nxc3 7. bxc3 e6 8. 0-0 Be7 9. d4 0-0 10. Be3 Qa5 11. Qd3 Rd8 12. Rfb1 a6 13. h4 Ne5 14. Qe4 Nc4 15. Bg5 Bxg5 16. hxg5 Nd2 17. Qh4 Nxb1 18. Rxb1 Qxa2 19. Re1 e5 20. g6 Be6 21. Qxh7+ Kf8 22. Qh8+ Ke7 23. Qxg7 cxd4 24. Qxe5 f6 25. Qc5+ Kd7 26. Nxd4 Rac8 27. Qb6 Re8 28. Nxe6 Rxe6 29. Bh3 Rcc6 30. Qxb7+ Kd8 31. Bxe6 Rxe6 32. Rd1+ Ke8 33. Qf7# 1-0

[Event "Titled Tuesday intern op 15th Aug Late"]
[Site "Chess.com INT"]
[Date "2023.08.15"]
[Round "10"]
[White "Okike, David"]
[Black "Montano, Vicente Guadalupe"]
[Result "1-0"]
[WhiteElo "2157"]
[BlackElo "1734"]
[PlyCount "109"]
[EventDate "2023.08.15"]
[EventType "swiss (blitz)"]
[EventRounds "11"]
[EventCountry "USA"]
[SourceTitle "EXT 2024"]
[Source "ChessBase"]
[SourceDate "2023.10.10"]
[SourceVersion "1"]
[SourceVersionDate "2023.10.10"]
[SourceQuality "1"]

1. e4 c5 2. Nf3 d6 3. d4 cxd4 4. Nxd4 Nf6 5. Nc3 a6 6. Bg5 Nbd7 7. f3 Qc7 8. Qd2 e6 9. 0-0-0 Be7 10. h4 b5 11. a3 Bb7 12. Rh3 Rc8 13. Rg3 Qa5 14. Nb3 Qc7 15. Be3 Nh5 16. Rh3 Nc5 17. Kb1 Nf6 18. Nd4 Qa5 19. Nb3 Nxb3 20. cxb3 Qc7 21. b4 d5 22. e5 Qxe5 23. Bd4 Qc7 24. g4 0-0 25. h5 e5 26. Bf2 d4 27. Na2 Bd5 28. g5 Nd7 29. Bd3 Qd6 30. Nc1 Nb6 31. Qe2 Qe6 32. Rhh1 Bxg5 33. Bg3 Rfe8 34. Rdg1 Nc4 35. Bf2 h6 36. Rxg5 hxg5 37. h6 gxh6 38. Ka1 e4 39. fxe4 Bxe4 40. Qh5 Bxd3 41. Nxd3 Ne3 42. Qxh6 Qxh6 43. Rxh6 Rc1+ 44. Ka2 Rc2 45. Rxa6 Nc4 46. Kb3 Ree2 47. Bxd4 Rcd2 48. Kc3 Rc2+ 49. Kb3 Red2 50. Ne1 Rc1 51. Nf3 Rd3+ 52. Ka2 Rxf3 53. Ra8+ Kh7 54. Rb8 Rc2 55. Rxb5 1-0

[Event "Titled Tuesday intern op 15th Aug Early"]
[Site "Chess.com INT"]
[Date "2023.08.15"]
[Round "9"]
[White "Spichkin, Alexander"]
[Black "Okike, David"]
[Result "1-0"]
[WhiteElo "2052"]
[BlackElo "2157"]
[PlyCount "101"]
[EventDate "2023.08.15"]
[EventType "swiss (blitz)"]
[EventRounds "11"]
[EventCountry "USA"]
[SourceTitle "EXT 2024"]
[Source "ChessBase"]
[SourceDate "2023.10.10"]
[SourceVersion "1"]
[SourceVersionDate "2023.10.10"]
[SourceQuality "1"]

1. f4 d5 2. Nf3 c5 3. e3 a6 4. b3 Nc6 5. Bb2 d4 6. Bd3 Nf6 7. 0-0 Bg4 8. h3 Bxf3 9. Qxf3 e6 10. a4 Be7 11. Na3 Qd5 12. e4 Qd8 13. Nc4 0-0 14. a5 Rc8 15. Nb6 Rc7 16. e5 Nd5 17. Be4 Nxb6 18. axb6 Rc8 19. c3 Qxb6 20. cxd4 cxd4 21. Rae1 g6 22. Kh2 Na5 23. g4 Qxb3 24. Bxd4 Qxf3 25. Rxf3 Nc4 26. Bc3 b5 27. Bb7 Rcd8 28. Bxa6 Nxd2 29. Bxd2 Rxd2+ 30. Kg3 b4 31. f5 Ra8 32. Bc4 Rc8 33. Ba6 Rcc2 34. Re4 Rg2+ 35. Kf4 g5+ 36. Ke3 Bc5+ 37. Rd4 Rge2+ 38. Bxe2 Bxd4+ 39. Kxd4 Rxe2 40. f6 Rb2 41. Kc5 h6 42. Kd6 Kh7 43. Ke7 Kg6 44. Rd3 Re2 45. Rd8 Rxe5 46. Rg8+ Kh7 47. Kxf7 Rb5 48. Rg7+ Kh8 49. Kg6 Rb8 50. f7 e5 51. Rh7# 1-0

[Event "Titled Tuesday intern op 11th Jul Early"]
[Site "Chess.com INT"]
[Date "2023.07.11"]
[Round "9"]
[White "Okike, David"]
[Black "Povshednyi, Ivan"]
[Result "1-0"]
[WhiteElo "2157"]
[BlackElo "2220"]
[PlyCount "125"]
[EventDate "2023.07.11"]
[EventType "swiss (blitz)"]
[EventRounds "11"]
[EventCountry "USA"]
[SourceTitle "EXT 2024"]
[Source "ChessBase"]
[SourceDate "2023.10.10"]
[SourceVersion "1"]
[SourceVersionDate "2023.10.10"]
[SourceQuality "1"]

1. e4 c5 2. Nf3 d6 3. d4 cxd4 4. Nxd4 Nf6 5. Nc3 Nc6 6. Bg5 e6 7. f3 h5 8. h4 a6 9. Qd2 Bd7 10. 0-0-0 Be7 11. Kb1 b5 12. Nxc6 Bxc6 13. Ne2 Qc7 14. Nd4 Bb7 15. Bd3 Rc8 16. Rh3 Bc6 17. Be3 Bd7 18. Rhh1 d5 19. e5 Qxe5 20. Rhe1 Qc7 21. Bf4 Qc5 22. Nb3 Qb6 23. Be5 b4 24. Bd4 Qc7 25. Bxa6 Ra8 26. Bd3 Qc6 27. Qe2 Qa4 28. Nc1 Qc6 29. Rh1 Qa4 30. b3 Qc6 31. Bb2 Ra5 32. Rde1 Qa8 33. g4 Bc6 34. g5 Nd7 35. Rhf1 g6 36. f4 Rf8 37. f5 gxf5 38. Bxf5 Nc5 39. g6 Kd7 40. gxf7 Bd6 41. Bxe6+ Kc7 42. Qxh5 Ne4 43. Rxe4 dxe4 44. Qh6 Qd8 45. Bc4 Bc5 46. Rf6 Kb7 47. Rxc6 e3 48. Re6 Ka7 49. Qf4 Bb6 50. Qe4 Qc7 51. Re7 Kb8 52. Rxc7 Bxc7 53. Qe7 Kb7 54. Qxf8 Kc6 55. Qe7 Rf5 56. f8Q Rxf8 57. Qxf8 e2 58. Bxe2 Be5 59. Bxe5 Kd7 60. Qd6+ Ke8 61. Bb5+ Kf7 62. Qf6+ Kg8 63. Qg7# 1-0

[Event "Titled Tuesday intern op 11th Apr Early"]
[Site "Chess.com INT"]
[Date "2023.04.11"]
[Round "5"]
[White "Okike, David"]
[Black "Adithya, A Chullikkad"]
[Result "0-1"]
[WhiteElo "2157"]
[BlackElo "2259"]
[PlyCount "144"]
[EventDate "2023.04.11"]
[EventType "swiss (blitz)"]
[EventRounds "11"]
[EventCountry "USA"]
[SourceTitle "CBM 213 Extra"]
[Source "ChessBase"]
[SourceDate "2023.05.31"]
[SourceVersion "1"]
[SourceVersionDate "2023.05.31"]
[SourceQuality "1"]

1. e4 c5 2. Nf3 d6 3. d4 cxd4 4. Nxd4 Nf6 5. Nc3 a6 6. Bg5 e6 7. f4 Be7 8. Qf3 Nbd7 9. 0-0-0 Qc7 10. Bd3 b5 11. Rhe1 Bb7 12. Kb1 Nc5 13. a3 Nxd3 14. cxd3 0-0 15. Qh3 h6 16. Bh4 b4 17. axb4 a5 18. b5 a4 19. Rc1 a3 20. b3 a2+ 21. Ka1 Qa5 22. g4 Rfc8 23. Nde2 Nd7 24. Bxe7 Nc5 25. Bxd6 Nxb3+ 26. Kb2 a1Q+ 27. Rxa1 Nxa1 28. Rb1 Ba6 29. bxa6 Qb6+ 30. Kc1 Qxd6 31. Rxa1 Rxa6 32. Rxa6 Qxa6 33. Qe3 Qa1+ 34. Kc2 Qa2+ 35. Kc1 Qa1+ 36. Kc2 Rb8 37. Qc1 Qa7 38. Kd2 Qf2 39. h4 Qxh4 40. Qg1 Qf6 41. e5 Qd8 42. g5 hxg5 43. Qxg5 Rb2+ 44. Ke3 Qb6+ 45. d4 Rb3 46. Kd3 Qa6+ 47. Kd2 Qa3 48. f5 Qb2+ 49. Kd3 exf5 50. Qd8+ Kh7 51. Qh4+ Kg8 52. Qd8+ Kh7 53. Qd5 Rb7 54. Qf3 g6 55. e6 fxe6 56. Qh3+ Kg7 57. Qg3 Qb6 58. Qe5+ Kf7 59. Qh2 Qa6+ 60. Ke3 Kg8 61. Qh6 Rg7 62. Qg5 Qc8 63. Qf6 Qe8 64. Kd3 Qf7 65. Qe5 Qd7 66. Qb8+ Kh7 67. Qh2+ Kg8 68. Qb8+ Kf7 69. Qe5 g5 70. d5 g4 71. Nf4 exd5 72. Ncxd5 Kg8 0-1

[Event "Titled Tuesday intern op 11th Apr Early"]
[Site "Chess.com INT"]
[Date "2023.04.11"]
[Round "2"]
[White "Okike, David"]
[Black "Krysa, Leandro Sergio"]
[Result "0-1"]
[WhiteElo "2157"]
[BlackElo "2541"]
[PlyCount "58"]
[EventDate "2023.04.11"]
[EventType "swiss (blitz)"]
[EventRounds "11"]
[EventCountry "USA"]
[SourceTitle "CBM 213 Extra"]
[Source "ChessBase"]
[SourceDate "2023.05.31"]
[SourceVersion "1"]
[SourceVersionDate "2023.05.31"]
[SourceQuality "1"]

1. e4 c5 2. Nf3 Nc6 3. d4 cxd4 4. Nxd4 Nf6 5. Nc3 d6 6. Bg5 e6 7. f3 a6 8. Qd2 h6 9. Be3 Bd7 10. 0-0-0 Rc8 11. Kb1 b5 12. Nxc6 Bxc6 13. Ne2 e5 14. Nc3 Be7 15. g4 Qa5 16. h4 b4 17. Nd5 Bxd5 18. exd5 Nd7 19. Qd3 Nc5 20. Qf5 Rc7 21. g5 g6 22. Qg4 h5 23. Qg2 0-0 24. f4 exf4 25. Bd4 Rfc8 26. Rd2 b3 27. a3 f3 28. Qxf3 Qxd2 29. Bd3 Nxd3 0-1

[Event "Titled Tuesday intern op 11th Apr Early"]
[Site "Chess.com INT"]
[Date "2023.04.11"]
[Round "7"]
[White "Okike, David"]
[Black "Sailer, Mike L"]
[Result "0-1"]
[WhiteElo "2157"]
[BlackElo "2109"]
[PlyCount "92"]
[EventDate "2023.04.11"]
[EventType "swiss (blitz)"]
[EventRounds "11"]
[EventCountry "USA"]
[SourceTitle "CBM 213 Extra"]
[Source "ChessBase"]
[SourceDate "2023.05.31"]
[SourceVersion "1"]
[SourceVersionDate "2023.05.31"]
[SourceQuality "1"]

1. e4 d5 2. exd5 Qxd5 3. Nc3 Qd6 4. d4 Nf6 5. Nge2 c6 6. a3 Bf5 7. Bf4 Qd8 8. Qd2 e6 9. f3 Bd6 10. g4 Bg6 11. Bxd6 Qxd6 12. Nf4 Nbd7 13. h4 Nd5 14. Ncxd5 cxd5 15. h5 Bxc2 16. Bb5 Bb3 17. h6 g6 18. Ne2 0-0 19. Qc3 Bc4 20. Bxc4 Rac8 21. b3 b5 22. Qb4 Qxb4+ 23. axb4 bxc4 24. Rxa7 Nb8 25. bxc4 Rxc4 26. Rb7 Nc6 27. b5 Nxd4 28. Rf1 Nxe2 29. Kxe2 Rb4 30. Rc1 Rb2+ 31. Ke3 Rb3+ 32. Kf2 e5 33. Rc5 Rd3 34. Ke2 e4 35. fxe4 dxe4 36. Re5 Rh3 37. g5 Rh4 38. Ke3 Rg4 39. b6 Ra8 40. Ree7 Ra3+ 41. Kd4 e3+ 42. Kc5 Ra5+ 43. Kd6 Rd4+ 44. Kc7 Rc5+ 45. Kb8 Rd8+ 46. Ka7 Ra5# 0-1

[Event "Titled Tuesday intern op 04th Apr Early"]
[Site "Chess.com INT"]
[Date "2023.04.04"]
[Round "5"]
[White "Okike, David"]
[Black "De Souza, Cristiano Gomes"]
[Result "0-1"]
[WhiteElo "2157"]
[BlackElo "2018"]
[PlyCount "188"]
[EventDate "2023.04.04"]
[EventType "swiss (blitz)"]
[EventRounds "11"]
[EventCountry "USA"]
[SourceTitle "EXT 2024"]
[Source "ChessBase"]
[SourceDate "2023.10.10"]
[SourceVersion "1"]
[SourceVersionDate "2023.10.10"]
[SourceQuality "1"]

1. e4 c5 2. Nf3 d6 3. d4 cxd4 4. Nxd4 Nf6 5. Nc3 g6 6. Be3 Bg7 7. f3 0-0 8. Qd2 Nc6 9. Bc4 Bd7 10. 0-0-0 Rc8 11. Bb3 Ne5 12. Kb1 h5 13. h3 Nc4 14. Bxc4 Rxc4 15. Rhe1 Re8 16. g4 Qa5 17. g5 Nh7 18. h4 Rec8 19. Nb3 Bxc3 20. Nxa5 Bxd2 21. Rxd2 Ra4 22. Nb3 Be6 23. Rd4 Bxb3 24. cxb3 Rxd4 25. Bxd4 a6 26. a4 Nf8 27. Rc1 Rxc1+ 28. Kxc1 Ne6 29. Be3 f6 30. f4 fxg5 31. fxg5 Kf7 32. b4 Nd8 33. Kc2 Ke6 34. Bd4 Nc6 35. Bc3 d5 36. Kd3 dxe4+ 37. Kxe4 Nd8 38. Bd4 Nf7 39. Bc5 Nd6+ 40. Kf4 Nc4 41. Bd4 b5 42. a5 Kd5 43. Bc3 e5+ 44. Kf3 Nd6 45. Be1 Nf5 46. Ke2 Kd4 47. Bc3+ Ke4 48. Be1 Kf4 49. Kd3 e4+ 50. Kc3 Kg4 51. b3 Nxh4 52. Kd4 Nf3+ 53. Kc5 Nxe1 54. Kb6 e3 55. Kxa6 Nd3 56. Kxb5 e2 57. a6 Nxb4 58. a7 e1Q 59. a8Q Nc2 60. Qc8+ Kxg5 61. Qxc2 Qe5+ 62. Kc6 Qf5 63. Qg2+ Kf4 64. Qd2+ Kg4 65. Qg2+ Kh4 66. Qh2+ Qh3 67. Qf4+ Qg4 68. Qh2+ Kg5 69. Qe5+ Qf5 70. Qg3+ Kf6 71. Qh4+ Kg7 72. Qe7+ Kh6 73. b4 Qf3+ 74. Kc7 Qc3+ 75. Kd7 Qd4+ 76. Kc7 h4 77. b5 h3 78. b6 h2 79. Qf8+ Kg5 80. Qe7+ Kg4 81. Qe6+ Kf3 82. Qf7+ Qf4+ 83. Qxf4+ Kxf4 84. b7 h1Q 85. b8Q Qe4 86. Qg8 g5 87. Qf7+ Qf5 88. Qh5 g4 89. Qh6+ Kf3 90. Qh1+ Kf4 91. Qc1+ Ke5 92. Qc3+ Ke4 93. Qc2+ Kf4 94. Qd2+ Kg3 0-1

[Event "Titled Tuesday intern op 04th Apr Early"]
[Site "Chess.com INT"]
[Date "2023.04.04"]
[Round "8"]
[White "Okike, David"]
[Black "Player, Edmund C"]
[Result "1-0"]
[WhiteElo "2157"]
[BlackElo "2204"]
[PlyCount "77"]
[EventDate "2023.04.04"]
[EventType "swiss (blitz)"]
[EventRounds "11"]
[EventCountry "USA"]
[SourceTitle "EXT 2024"]
[Source "ChessBase"]
[SourceDate "2023.10.10"]
[SourceVersion "1"]
[SourceVersionDate "2023.10.10"]
[SourceQuality "1"]

1. e4 c6 2. d4 d5 3. e5 c5 4. dxc5 e6 5. a3 Bxc5 6. b4 Bf8 7. Nf3 Ne7 8. Bb2 Nbc6 9. Nbd2 Nf5 10. Bd3 Nh4 11. 0-0 Be7 12. c4 Nxf3+ 13. Nxf3 dxc4 14. Bxc4 Qxd1 15. Raxd1 Bd7 16. Rd2 0-0-0 17. Rc1 Kb8 18. Rcd1 Bc8 19. Bc3 a6 20. h4 b5 21. Bd3 h6 22. Be4 Bb7 23. Rd7 Rhe8 24. R1d2 Kc8 25. Rxb7 Kxb7 26. Nd4 Rd5 27. Bxd5 exd5 28. Nf5 d4 29. Nxd4 Nxe5 30. Nf5 Nc4 31. Rd7+ Kc6 32. Rxe7 Rxe7 33. Nxe7+ Kd7 34. Nd5 Nxa3 35. Bxg7 Ke6 36. Nc7+ Kf5 37. Nxa6 Ke4 38. Bxh6 Nc2 39. Bf8 1-0